[Event "ICS rated blitz match"]
[Site "204.178.125.65"]
[Date "1999.10.14"]
[Round "?"]
[White "MaroonBell"]
[Black "Hossa"]
[Result "1-0"]
[WhiteElo "2818"]
[BlackElo "2352"]
[PlyCount "145"]
[EventDate "1999.??.??"]

1. d4 Nf6 2. c4 g6 3. Nc3 Bg7 4. e4 d6 5. Nf3 O-O 6. Be2 e5 7. O-O Nc6 8. d5
Ne7 9. Ne1 Nd7 10. Nd3 f5 11. Bd2 Nb6 12. b3 fxe4 13. Nxe4 Bf5 14. Bf3 Qd7 15.
Qe2 c6 16. dxc6 Nxc6 17. Be3 Nd4 18. Bxd4 exd4 19. c5 d5 20. Nd6 Bxd3 21. Qxd3
Qc6 22. Bg4 Rf4 23. Be6+ Kf8 24. Rac1 Nd7 25. b4 a6 26. Qg3 Rf6 27. Rfe1 h6 28.
Qh3 Nb6 29. a3 Rd8 30. Rcd1 a5 31. b5 Qc7 32. Qb3 Rxd6 33. cxd6 Qxd6 34. Qh3
Qc7 35. Qd3 Qd6 36. Qe2 Bh8 37. Rd3 Rf4 38. Bh3 Re4 39. Qf3+ Rf4 40. Re6 Qc7
41. Qe2 Re4 42. Qd2 Rxe6 43. Bxe6 Qe5 44. Bh3 Kg8 45. g3 Bg7 46. Qxa5 Qc7 47.
Qe1 Qe5 48. Be6+ Kh8 49. Qxe5 Bxe5 50. Rf3 Bd6 51. Rf6 Bc5 52. Rxg6 d3 53. Rg8+
Kh7 54. Rb8 Kg6 55. Rxb7 d2 56. Bg4 Nc4 57. Rc7 Bxa3 58. Rc6+ Kg7 59. b6 Ne5
60. Rc7+ Kf6 61. Bd1 Bd6 62. f4 Nc4 63. Rc6 Kg7 64. b7 Bb8 65. Rc8 Ba7+ 66. Kf1
Kg6 67. Ra8 Ne3+ 68. Ke2 Nxd1 69. Kxd1 Bg1 70. b8=Q Be3 71. Ra6+ Kf7 72. Qc7+
Kg8 73. Ra8# {Hossa checkmated} 1-0

[Event "ICS rated blitz match"]
[Site "204.178.125.65"]
[Date "1999.09.05"]
[Round "?"]
[White "Masochist"]
[Black "Hossa"]
[Result "0-1"]
[WhiteElo "2267"]
[BlackElo "2448"]
[PlyCount "50"]
[EventDate "1999.??.??"]

1. e4 c5 2. Nf3 d6 3. d4 cxd4 4. Nxd4 Nf6 5. Nc3 g6 6. h4 Bg7 7. Be2 O-O 8. h5
Nxh5 9. Bxh5 Bxd4 10. Qxd4 gxh5 11. Bh6 e5 12. Qe3 Kh8 13. Bg5 f6 14. Bh6 Rg8
15. O-O-O Rxg2 16. f3 Be6 17. Rxh5 Nc6 18. Nd5 Bxd5 19. exd5 Nb4 20. Rdh1 Qc8
21. c3 Qc4 22. Bf8 Nd3+ 23. Kd1 Nxb2+ 24. Kc1 Nd3+ 25. Kd1 25... Qa4# {
Masochist checkmated} 0-1

[Event "ICS rated blitz match"]
[Site "204.178.125.65"]
[Date "1999.10.05"]
[Round "?"]
[White "MateGoD"]
[Black "Hossa"]
[Result "1-0"]
[WhiteElo "2519"]
[BlackElo "2442"]
[PlyCount "66"]
[EventDate "1999.??.??"]

1. d4 Nf6 2. c4 c5 3. d5 b5 4. cxb5 a6 5. bxa6 Bxa6 6. Nc3 e5 7. Nf3 d6 8. g3
Be7 9. Bg2 Nbd7 10. O-O O-O 11. Nh4 Nb6 12. Nf5 Qd7 13. Nxe7+ Qxe7 14. Qc2 Nc4
15. Rd1 Rfb8 16. b3 Na5 17. Bg5 c4 18. Rdb1 Rb4 19. Ne4 Rc8 20. Qd2 Rcb8 21.
Bxf6 Qf8 22. Qe1 gxf6 23. Nxf6+ Kh8 24. Nd7 Qd8 25. Nxb8 Qxb8 26. e3 cxb3 27.
axb3 Bd3 28. Rxa5 Bxb1 29. Qxb1 Rxb3 30. Qf5 Rb1+ 31. Bf1 Kg7 32. Kg2 Rb3 33.
Ra4 33... Rb4 {Hossa resigns} 1-0

[Event "ICS rated blitz match"]
[Site "204.178.125.65"]
[Date "1999.08.28"]
[Round "?"]
[White "Maup"]
[Black "Hossa"]
[Result "0-1"]
[WhiteElo "2128"]
[BlackElo "2516"]
[PlyCount "20"]
[EventDate "1999.??.??"]

1. e3 d5 2. d3 e5 3. Ne2 c5 4. Nd2 Nc6 5. e4 Nf6 6. Ng3 Bd6 7. c4 dxe4 8. dxe4
O-O 9. Bd3 Be7 10. O-O 10... Qxd3 {Maup resigns} 0-1

[Event "ICS rated blitz match"]
[Site "204.178.125.65"]
[Date "1999.10.17"]
[Round "?"]
[White "Mazoetan"]
[Black "Hossa"]
[Result "0-1"]
[WhiteElo "2249"]
[BlackElo "2533"]
[PlyCount "102"]
[EventDate "1999.??.??"]

1. d4 Nf6 2. Nf3 g6 3. Bg5 h6 4. Bxf6 exf6 5. g3 d5 6. Bg2 Bg7 7. O-O O-O 8.
Nbd2 Be6 9. Re1 f5 10. Nb3 Nd7 11. a4 c5 12. dxc5 Bxb2 13. Rb1 Bc3 14. Rf1 Qf6
15. Qd3 Rac8 16. Qb5 Rc7 17. Rfd1 Ne5 18. Nfd4 Bd7 19. c6 Bxc6 20. Nxc6 bxc6
21. Qa6 Nc4 22. Nc5 Nb2 23. Rf1 Qd4 24. Nd3 Qxa4 25. Qxa4 Nxa4 26. Rb3 d4 27.
Ra3 Nb6 28. Nc5 a5 29. Rb1 Nc4 30. Rab3 Kg7 31. Rb7 Rxb7 32. Rxb7 Rc8 33. Ra7
Re8 34. Bxc6 Re5 35. Nd3 Rxe2 36. Bd5 Nd6 37. f4 Rxc2 38. Ne5 d3 39. Nxd3 Bd4+
40. Kf1 Bxa7 41. Ne5 Rxh2 42. Ke1 Bf2+ 43. Kf1 Bxg3 44. Kg1 f6 45. Nc6 Rd2 46.
Nxa5 Rxd5 47. Nb3 Bxf4 48. Kg2 Ne4 49. Kf3 Rd3+ 50. Ke2 Rxb3 51. Kd1 51... Rb2
{Mazoetan resigns} 0-1

[Event "ICS rated blitz match"]
[Site "204.178.125.65"]
[Date "1999.10.17"]
[Round "?"]
[White "Mazoetan"]
[Black "Hossa"]
[Result "0-1"]
[WhiteElo "2290"]
[BlackElo "2531"]
[PlyCount "126"]
[EventDate "1999.??.??"]

1. d4 Nf6 2. Nf3 g6 3. c4 Bg7 4. Nc3 O-O 5. e4 d6 6. Be2 e5 7. d5 Bg4 8. O-O
Nbd7 9. Nd2 Bxe2 10. Qxe2 Nh5 11. g3 f5 12. exf5 Rxf5 13. Nde4 Qf8 14. Ng5 Nc5
15. b4 Na6 16. Ne6 Qf7 17. a3 e4 18. Bb2 Bxc3 19. Bxc3 Re8 20. Qe3 Rf3 21. Qd4
Qf6 22. Qxf6 Nxf6 23. Bxf6 Rxf6 24. Rfe1 c6 25. Rxe4 cxd5 26. cxd5 Nc7 27. Rf4
Nxd5 28. Rxf6 Nxf6 29. Nf4 g5 30. Nd3 g4 31. Re1 Rxe1+ 32. Nxe1 d5 33. Nd3 d4
34. Kf1 Ne4 35. Ke2 Nc3+ 36. Ke1 h6 37. Nf4 Nb1 38. a4 b6 39. Kd1 Nc3+ 40. Kc2
a5 41. bxa5 bxa5 42. Kb3 Kf7 43. Nd3 Kf6 44. Kc4 Nxa4 45. Kb5 Nc3+ 46. Kxa5 Kf5
47. Kb4 Ke4 48. Kc4 Na4 49. Ne1 Nb2+ 50. Kc5 d3 51. Nxd3 Nxd3+ 52. Kc4 Nxf2 53.
Kc5 Nh1 54. Kd6 Nxg3 55. hxg3 h5 56. Ke6 h4 57. gxh4 g3 58. h5 g2 59. h6 g1=Q
60. h7 Qg7 61. h8=Q Qxh8 62. Ke7 Kd5 63. Kf7 63... Ke5 {Mazoetan resigns} 0-1

[Event "ICS rated blitz match"]
[Site "204.178.125.65"]
[Date "1999.10.17"]
[Round "?"]
[White "Mazoetan"]
[Black "Hossa"]
[Result "0-1"]
[WhiteElo "2260"]
[BlackElo "2522"]
[PlyCount "56"]
[EventDate "1999.??.??"]

1. d4 Nf6 2. Nf3 g6 3. c4 Bg7 4. Nc3 O-O 5. e4 d6 6. Be2 e5 7. d5 Bg4 8. Bg5
Nbd7 9. Nd2 Bxe2 10. Qxe2 c6 11. O-O Qb6 12. Rab1 cxd5 13. cxd5 Rfc8 14. Be3
Qb4 15. a3 Qa5 16. Nb5 Qa6 17. Rfe1 Rc2 18. Qd3 Rac8 19. Nb3 Nxe4 20. Qxe4 Qxb5
21. Nd2 f5 22. Qh4 f4 23. Bxa7 Rxd2 24. Qe7 Ra8 25. Qe6+ Kh8 26. Rec1 Rxb2 27.
Rxb2 Qxb2 28. Rf1 28... Nf8 {Mazoetan resigns} 0-1

[Event "ICS rated blitz match"]
[Site "204.178.125.65"]
[Date "1999.10.17"]
[Round "?"]
[White "Mazoetan"]
[Black "Hossa"]
[Result "0-1"]
[WhiteElo "2273"]
[BlackElo "2504"]
[PlyCount "92"]
[EventDate "1999.??.??"]

1. d4 Nf6 2. Nf3 g6 3. c4 Bg7 4. Nc3 O-O 5. e4 d6 6. Bg5 h6 7. Bh4 Nc6 8. d5
Nb4 9. a3 Na6 10. Qc2 Bg4 11. Be2 e5 12. dxe6 fxe6 13. O-O e5 14. b4 c6 15.
Rad1 Qe7 16. h3 Bxf3 17. Bxf3 Nc7 18. Be2 Ne6 19. Bd3 a5 20. b5 Nd4 21. Qb2 g5
22. Bg3 Nh5 23. Ne2 Nxg3 24. fxg3 Rxf1+ 25. Rxf1 Rf8 26. Nxd4 Rxf1+ 27. Bxf1
exd4 28. bxc6 bxc6 29. Qb8+ Bf8 30. Bd3 Qe5 31. Kh2 h5 32. c5 h4 33. Bc4+ Kg7
34. Qc7+ Kh6 35. Qf7 Be7 36. cxd6 Bxd6 37. Qf3 Qxg3+ 38. Qxg3 Bxg3+ 39. Kg1 Kg6
40. Kf1 Kf6 41. Ke2 Ke5 42. Kf3 Bf4 43. a4 c5 44. Bd3 Bc1 45. Kg4 c4 46. Kf3
46... cxd3 {Mazoetan resigns} 0-1

[Event "ICS rated blitz match"]
[Site "204.178.125.65"]
[Date "1999.08.29"]
[Round "?"]
[White "Mig"]
[Black "Hossa"]
[Result "0-1"]
[WhiteElo "2468"]
[BlackElo "2479"]
[PlyCount "108"]
[EventDate "1999.??.??"]

1. d4 d5 2. e3 e6 3. Nd2 c5 4. c3 Nc6 5. f4 cxd4 6. exd4 Bd6 7. Ndf3 Nge7 8.
Bd3 Bd7 9. Ne5 Bxe5 10. fxe5 Qb6 11. Nf3 f6 12. exf6 gxf6 13. Qb3 Qc7 14. O-O
O-O-O 15. Qc2 e5 16. dxe5 fxe5 17. Bb5 Qb6+ 18. Kh1 Qxb5 19. Bg5 Rde8 20. a4
Qc4 21. b3 Qe4 22. Qd2 Rhg8 23. Rae1 Qg6 24. Bxe7 Rxe7 25. b4 Qd6 26. b5 Nb8
27. Rc1 Bg4 28. c4 d4 29. c5 Qg6 30. c6 bxc6 31. bxc6 Bxf3 32. gxf3 Reg7 33.
Rb1 Qg2+ 34. Qxg2 Rxg2 35. Rb7 R2g7 36. Rb5 Nxc6 37. Rc5 Kd7 38. Rb1 Kd6 39.
Rc2 a6 40. Rd2 Kd5 41. h3 Rg3 42. Rg1 Rxg1+ 43. Kh2 Rf1 44. h4 Rxf3 45. Rg2
Rxg2+ 46. Kxg2 Rf8 47. h5 d3 48. h6 e4 49. Kg3 Ne5 50. Kh4 e3 51. Kh3 e2 52.
Kh4 e1=Q+ 53. Kh3 Qh1+ 54. Kg3 54... Rf3# {Mig checkmated} 0-1

[Event "ICS rated blitz match"]
[Site "204.178.125.65"]
[Date "1999.09.27"]
[Round "?"]
[White "Mig"]
[Black "Hossa"]
[Result "1-0"]
[WhiteElo "2441"]
[BlackElo "2512"]
[PlyCount "74"]
[EventDate "1999.??.??"]

1. e4 c6 2. d4 d5 3. e5 e6 4. Nf3 Nd7 5. c3 Be7 6. Be3 b5 7. Bd3 a5 8. Nbd2 Ba6
9. Qe2 c5 10. O-O c4 11. Bc2 b4 12. a3 Nb6 13. axb4 axb4 14. h3 Nd7 15. Nh2 Bf8
16. f4 g6 17. Ndf3 Ne7 18. g4 bxc3 19. bxc3 Bh6 20. Rfb1 O-O 21. f5 Bxe3+ 22.
Qxe3 exf5 23. gxf5 Nxf5 24. Bxf5 gxf5 25. Qh6 f6 26. Kf2 Qe7 27. Nh4 Nxe5 28.
Rg1+ Kh8 29. dxe5 Rg8 30. Ng6+ Rxg6 31. Rxg6 fxe5 32. Rgxa6 Rg8 33. Ra8 d4 34.
Rxg8+ Kxg8 35. Ra8+ Kf7 36. Qxh7+ Ke6 37. Ra6+ 37... Kd5 {Hossa resigns} 1-0

[Event "ICS rated blitz match"]
[Site "204.178.125.65"]
[Date "1999.10.03"]
[Round "?"]
[White "Mihajlov"]
[Black "Hossa"]
[Result "0-1"]
[WhiteElo "2088"]
[BlackElo "2388"]
[PlyCount "96"]
[EventDate "1999.??.??"]

1. e4 e5 2. Nc3 Nf6 3. g3 Bb4 4. Nge2 d5 5. exd5 Nxd5 6. Bg2 Be6 7. O-O Nc6 8.
a3 Bxc3 9. bxc3 O-O 10. d3 Bg4 11. Bd2 Qd7 12. f3 Bh3 13. c4 Bxg2 14. Kxg2 Nb6
15. Nc3 Rfd8 16. a4 Nxc4 17. Bc1 Nb6 18. a5 Nd5 19. Nxd5 Qxd5 20. a6 bxa6 21.
Rxa6 Nd4 22. Be3 Qb7 23. Ra5 Nc6 24. Rc5 Rab8 25. Qa1 a6 26. Qc3 Rd6 27. Ra1
Qa8 28. Ra4 a5 29. Rac4 Rb6 30. Ra4 f6 31. Qc4+ Kh8 32. Qf7 Qd8 33. Rg4 Rd7 34.
Qc4 f5 35. Rh4 Rb4 36. Qc3 Rxh4 37. Rxc6 Ra4 38. Qxe5 Ra2 39. Qxf5 Re7 40. Bg5
Re2+ 41. Kh3 Qe8 42. Rc4 Raxc2 43. Rh4 h5 44. Bd2 Rxh2+ 45. Kxh2 Qe2+ 46. Kg1
Qd1+ 47. Kg2 Rxd2+ 48. Kh3 48... Qf1# {Mihajlov checkmated} 0-1

[Event "ICS rated blitz match"]
[Site "204.178.125.65"]
[Date "1999.10.04"]
[Round "?"]
[White "Mihajlov"]
[Black "Hossa"]
[Result "0-1"]
[WhiteElo "2118"]
[BlackElo "2358"]
[PlyCount "48"]
[EventDate "1999.??.??"]

1. e4 e6 2. d4 d5 3. Nd2 Nf6 4. e5 Nfd7 5. Bd3 c5 6. c3 Nc6 7. Ne2 cxd4 8. cxd4
Qb6 9. Nf3 Bb4+ 10. Kf1 O-O 11. a3 Be7 12. b4 f6 13. exf6 Bxf6 14. Bb2 Kh8 15.
Rc1 e5 16. dxe5 Ndxe5 17. Nfd4 Ng4 18. Rxc6 bxc6 19. Qd2 Nxf2 20. Kxf2 Bg5+ 21.
Ke1 Bxd2+ 22. Kxd2 c5 23. Nf3 a5 24. bxc5 24... Qxb2+ {Mihajlov resigns} 0-1

[Event "ICS rated blitz match"]
[Site "204.178.125.65"]
[Date "1999.10.02"]
[Round "?"]
[White "Mihajlov"]
[Black "Hossa"]
[Result "1/2-1/2"]
[WhiteElo "2047"]
[BlackElo "2413"]
[PlyCount "122"]
[EventDate "1999.??.??"]

1. e4 e5 2. Nc3 Nf6 3. g3 Bb4 4. Nge2 d5 5. exd5 Nxd5 6. Bg2 Be6 7. d4 exd4 8.
Qxd4 O-O 9. O-O Nc6 10. Qd3 Nxc3 11. bxc3 Bc5 12. Be3 Bxe3 13. Qxe3 Re8 14.
Bxc6 bxc6 15. Qd4 Bd5 16. Nf4 Re4 17. Qd2 Qg5 18. Rfd1 Rd8 19. Nd3 Qg4 20. Ne1
Qh3 21. f3 Ree8 22. Qf2 a5 23. Ng2 Qf5 24. Rd3 Rb8 25. Ne3 Qh5 26. Nxd5 cxd5
27. Rad1 c6 28. c4 dxc4 29. Rc3 Qb5 30. Qd4 f5 31. Qxc4+ Qxc4 32. Rxc4 Re6 33.
Rd7 Re2 34. Rd1 Rb2 35. Rxc6 Rxa2 36. Rc7 h5 37. Rc1 Kh7 38. Ra7 a4 39. Ra6
Raxc2 40. Rxc2 Rxc2 41. Rxa4 g5 42. Ra6 Kg7 43. Kh1 Re2 44. Kg1 h4 45. gxh4
gxh4 46. h3 Re8 47. Kf2 f4 48. Ra4 Rf8 49. Ra6 Kh7 50. Ke2 Rf7 51. Kd3 Re7 52.
Ra5 Re3+ 53. Kd4 Kg6 54. Ra6+ Kg7 55. Ra7+ Kh6 56. Ra6+ Kh5 57. Ra5+ Kh6 58.
Ra6+ Kh5 59. Ra5+ Kh6 60. Ra6+ Kh5 61. Ra5+ 61... Kh6 {Game drawn by repetition
} 1/2-1/2

[Event "ICS rated blitz match"]
[Site "204.178.125.65"]
[Date "1999.09.22"]
[Round "?"]
[White "Mikenas"]
[Black "Hossa"]
[Result "1-0"]
[WhiteElo "1819"]
[BlackElo "1941"]
[PlyCount "143"]
[EventDate "1999.??.??"]

1. f4 d5 2. Nf3 e6 3. g3 Bb4 4. c3 Bd6 5. Bg2 Ne7 6. d3 O-O 7. O-O Nd7 8. e4
dxe4 9. dxe4 b6 10. e5 Bc5+ 11. Nd4 Rb8 12. Kh1 Bxd4 13. Qxd4 Nf5 14. Qf2 Nc5
15. Qe2 Ba6 16. c4 Qd4 17. Rd1 Bxc4 18. Rxd4 Bxe2 19. Rd2 Rbd8 20. Nc3 Bg4 21.
h3 Rxd2 22. Bxd2 Rd8 23. hxg4 Nxg3+ 24. Kh2 Rxd2 25. Kxg3 Nd3 26. Rd1 Rxd1 27.
Nxd1 Nb4 28. a3 Nc2 29. Be4 Nd4 30. Kf2 f6 31. Ke3 fxe5 32. fxe5 c5 33. Nc3 Kf7
34. a4 a5 35. Nb5 Nxb5 36. axb5 h6 37. Kd3 g6 38. Ke3 Kg7 39. Kf3 h5 40. gxh5
gxh5 41. Kf4 Kh6 42. Bf3 Kg6 43. Be2 Kf7 44. Kg5 h4 45. Kxh4 Ke7 46. Kg5 Kf7
47. Bc4 a4 48. Kf4 Kf8 49. Kg5 Kf7 50. Kh6 a3 51. bxa3 Ke7 52. Kg6 Kd7 53. Kf6
Ke8 54. Kxe6 Kd8 55. Kd6 Ke8 56. e6 Kf8 57. e7+ Kg7 58. Be6 Kh7 59. Kd7 Kg6 60.
e8=Q+ Kf6 61. Qf7+ Ke5 62. Qf5+ Kd4 63. Qd5+ Kc3 64. Qc6 Kb2 65. Qxb6 c4 66.
Qf2+ Kb3 67. Qe3+ Kb2 68. Bxc4 Kc2 69. Qd3+ Kc1 70. Qe2 Kb1 71. Bb3 Kc1 72.
Qc2# {Hossa checkmated} 1-0

[Event "ICS rated blitz match"]
[Site "204.178.125.65"]
[Date "1999.09.14"]
[Round "?"]
[White "MissSilicon"]
[Black "Hossa"]
[Result "1-0"]
[WhiteElo "2562"]
[BlackElo "2340"]
[PlyCount "78"]
[EventDate "1999.??.??"]

1. d4 Nf6 2. c4 g6 3. Nc3 Bg7 4. e4 d6 5. Nf3 O-O 6. Be2 e5 7. O-O Nc6 8. d5
Ne7 9. Bd2 Ne8 10. b4 f5 11. Qb3 fxe4 12. Nxe4 c6 13. dxc6 bxc6 14. Rad1 Bf5
15. Ng3 Bg4 16. Bc3 Nf5 17. Nxf5 Rxf5 18. h3 Bxf3 19. Bxf3 Rxf3 20. gxf3 Qd7
21. c5+ d5 22. Rfe1 Qxh3 23. Rxd5 Kf8 24. Rd3 Qf5 25. Rde3 Rd8 26. Bxe5 Bh6 27.
f4 Rd7 28. Rh3 Bg7 29. Rxh7 Bf6 30. Rxd7 Qxd7 31. Bxf6 Nxf6 32. Qe6 Qxe6 33.
Rxe6 Nd5 34. Rxc6 Nxb4 35. Rxg6 Ke7 36. f5 Kf7 37. Rd6 a5 38. a3 Nc2 39. c6
39... Ke7 {Hossa resigns} 1-0

[Event "ICS rated blitz match"]
[Site "204.178.125.65"]
[Date "1999.09.23"]
[Round "?"]
[White "MissSilicon"]
[Black "Hossa"]
[Result "1-0"]
[WhiteElo "2596"]
[BlackElo "2445"]
[PlyCount "90"]
[EventDate "1999.??.??"]

1. Nf3 Nf6 2. c4 c5 3. Nc3 e6 4. d4 cxd4 5. Nxd4 Bb4 6. Nc2 Bxc3+ 7. bxc3 O-O
8. Ba3 Re8 9. Qd3 d5 10. cxd5 exd5 11. O-O-O Nc6 12. Qb5 a6 13. Qb3 Na5 14. Qa4
b5 15. Qf4 Nc4 16. Bb4 Ne4 17. Ne3 Nxe3 18. Qxe3 Rb8 19. f3 Ng3 20. Rxd5 Bd7
21. Qa7 Nxh1 22. Rxd7 Qg5+ 23. Kc2 a5 24. Bxa5 Ra8 25. Qc7 Rec8 26. Qb7 b4 27.
Bxb4 Rxa2+ 28. Kb3 Raa8 29. e3 Qxe3 30. Qd5 Qe8 31. Bc4 Rxc4 32. Kxc4 Qe2+ 33.
Kc5 Qe3+ 34. Kb5 Qe8 35. Kb6 Rb8+ 36. Ka7 Rc8 37. Bc5 h6 38. c4 Ng3 39. hxg3
Kh7 40. Re7 Qa4+ 41. Kb7 Qa8+ 42. Kb6 Rb8+ 43. Rb7 Rxb7+ 44. Qxb7 Qd8+ 45. Kc6
45... Qe8+ {Hossa resigns} 1-0

[Event "ICS rated blitz match"]
[Site "204.178.125.65"]
[Date "1999.08.29"]
[Round "?"]
[White "MissSilicon"]
[Black "Hossa"]
[Result "1-0"]
[WhiteElo "2616"]
[BlackElo "2484"]
[PlyCount "90"]
[EventDate "1999.??.??"]

1. d4 Nf6 2. c4 e6 3. Nf3 Bb4+ 4. Bd2 Qe7 5. g3 Ne4 6. Bg2 Nc6 7. a3 Bxd2+ 8.
Nbxd2 Nxd2 9. Qxd2 d5 10. b4 dxc4 11. Qc3 O-O 12. Qxc4 e5 13. d5 Nb8 14. Rc1 c6
15. O-O Re8 16. Rfd1 Bd7 17. dxc6 Bxc6 18. b5 Bxf3 19. Bxf3 a6 20. Qc5 Qxc5 21.
Rxc5 axb5 22. Rxe5 Nc6 23. Rxb5 Rxa3 24. Rxb7 Ne5 25. Bd5 Rf8 26. f4 Ng4 27.
Bf3 Nf6 28. g4 h6 29. g5 hxg5 30. fxg5 Ne8 31. Rd8 Ra6 32. Rbb8 Re6 33. Bd5
Rxe2 34. g6 Re1+ 35. Kg2 Re2+ 36. Kg3 Re3+ 37. Kh4 Re2 38. gxf7+ Rxf7 39. Rxe8+
Kh7 40. Bxf7 g5+ 41. Kxg5 Rg2+ 42. Kf6 Rf2+ 43. Ke7 Kg7 44. Rg8+ Kh6 45. Rg4
45... Re2+ {Hossa resigns} 1-0

[Event "ICS rated blitz match"]
[Site "204.178.125.65"]
[Date "1999.09.02"]
[Round "?"]
[White "MissSilicon"]
[Black "Hossa"]
[Result "1-0"]
[WhiteElo "2663"]
[BlackElo "2514"]
[PlyCount "102"]
[EventDate "1999.??.??"]

1. e4 e6 2. d4 d5 3. Nc3 dxe4 4. Nxe4 Nd7 5. Nf3 Be7 6. Bb5 Ngf6 7. Nxf6+ Bxf6
8. O-O c6 9. Bd3 c5 10. c3 cxd4 11. cxd4 O-O 12. Qc2 h6 13. Bf4 Bxd4 14. Bd6
Bf6 15. Bxf8 Kxf8 16. Rac1 Kg8 17. Rfd1 Qa5 18. b3 Nf8 19. Be4 Qb5 20. Qc4 Qa5
21. Rd2 Qb6 22. Qa4 e5 23. Qe8 Qe6 24. Qxe6 Nxe6 25. Rdc2 Bd7 26. Bxb7 Rd8 27.
Re1 Nd4 28. Rc5 Nxf3+ 29. Bxf3 Be6 30. Ra5 Rd7 31. Rd1 Rc7 32. Be4 Bg4 33. f3
Bd7 34. Rad5 Be8 35. Kf1 h5 36. g3 g5 37. Kf2 g4 38. fxg4 hxg4 39. Bf5 Bc6 40.
Rc5 Be7 41. Rc4 Ba3 42. b4 Kf8 43. Bxg4 f5 44. Be2 f4 45. gxf4 Rf7 46. Rxc6
Rxf4+ 47. Ke3 Ke7 48. Rc7+ Ke6 49. Bc4+ Kf5 50. Rf7+ Kg5 51. Rg1+ 51... Kh6 {
Hossa resigns} 1-0

[Event "ICS rated blitz match"]
[Site "204.178.125.65"]
[Date "1999.09.14"]
[Round "?"]
[White "MissSilicon"]
[Black "Hossa"]
[Result "1-0"]
[WhiteElo "2547"]
[BlackElo "2355"]
[PlyCount "122"]
[EventDate "1999.??.??"]

1. e4 c5 2. Nf3 e6 3. d4 cxd4 4. Nxd4 Nf6 5. Nc3 d6 6. g3 Nc6 7. Bg2 Nxd4 8.
Qxd4 Be7 9. f4 O-O 10. O-O Ng4 11. h3 Nh6 12. Rd1 f5 13. e5 d5 14. Be3 Nf7 15.
a4 Re8 16. Bf1 b6 17. Bb5 Bc5 18. Qd3 Bd7 19. Bxc5 bxc5 20. b3 Qe7 21. Bxd7
Qxd7 22. Rd2 Rab8 23. Qa6 Rb6 24. Qa5 Rc8 25. Rad1 Qe7 26. Nb5 Rb7 27. c4 d4
28. Re2 Rc6 29. Rd3 a6 30. Na3 Rcb6 31. Rb2 Nd8 32. Nc2 Nc6 33. Qd2 a5 34. Na3
Nb4 35. Rf3 Rb8 36. Nb5 Rd8 37. Nd6 Kh8 38. Qf2 Qd7 39. Kh2 Rbb8 40. g4 fxg4
41. hxg4 Kg8 42. Qh4 Rf8 43. Rh3 h6 44. g5 Qe7 45. Rg2 Nc6 46. gxh6 Qxh4 47.
Rxh4 g5 48. Rxg5+ Kh8 49. Rg3 Ne7 50. h7 Rb6 51. Rh6 Rxf4 52. Nc8 Rf2+ 53. Kg1
Rxb3 54. Rxb3 Nf5 55. Rhh3 Rf4 56. Ne7 Rg4+ 57. Kh2 Nh4 58. Ng6+ Kxh7 59. Rxh4+
Rxh4+ 60. Nxh4 Kg7 61. Rf3 61... Kh6 {Hossa resigns} 1-0

[Event "ICS rated blitz match"]
[Site "204.178.125.65"]
[Date "1999.09.14"]
[Round "?"]
[White "MissSilicon"]
[Black "Hossa"]
[Result "1-0"]
[WhiteElo "2566"]
[BlackElo "2336"]
[PlyCount "126"]
[EventDate "1999.??.??"]

1. d4 d5 2. c4 dxc4 3. Nf3 Nf6 4. e3 b5 5. a4 c6 6. axb5 cxb5 7. b3 Qc7 8. bxc4
bxc4 9. Qa4+ Bd7 10. Qxc4 Qd8 11. Ne5 e6 12. Bd3 Bd6 13. O-O Nd5 14. Be4 Bxe5
15. dxe5 Nc6 16. Bxd5 exd5 17. Qxd5 O-O 18. Ba3 Re8 19. f4 Rc8 20. Nc3 Be6 21.
Qxd8 Rexd8 22. Rfd1 a5 23. Rd6 Nb4 24. Rad1 Rxd6 25. Rxd6 h6 26. Bb2 Bc4 27. g3
Nd3 28. Ba3 Kh7 29. e4 g5 30. Nd5 Rb8 31. Nb6 Bb5 32. Nd7 Ra8 33. Rd5 Bc4 34.
Rd4 Bb5 35. e6 fxe6 36. Nf8+ Rxf8 37. Bxf8 gxf4 38. Rd6 f3 39. Rb6 Bc4 40. Rb7+
Kg8 41. Rb8 f2+ 42. Kg2 Kh7 43. Ra8 Kg6 44. Rxa5 e5 45. Ra1 h5 46. Be7 Bb5 47.
Rb1 Bc6 48. Rb6 Kf7 49. Rxc6 Kxe7 50. Rc3 Nb2 51. Rc7+ Ke6 52. Kxf2 Kf6 53. Ke2
Kg6 54. h4 Kf6 55. Rc2 Na4 56. Rc4 Nb2 57. Rb4 Nd1 58. Kxd1 Kf7 59. Rb7+ Kg6
60. Re7 Kf6 61. Re8 Kf7 62. Rxe5 Kf6 63. Rxh5 63... Ke6 {Hossa resigns} 1-0

[Event "ICS rated blitz match"]
[Site "204.178.125.65"]
[Date "1999.10.04"]
[Round "?"]
[White "MissSilicon"]
[Black "Hossa"]
[Result "1-0"]
[WhiteElo "2602"]
[BlackElo "2368"]
[PlyCount "112"]
[EventDate "1999.??.??"]

1. e4 e6 2. d4 d5 3. Nc3 Bb4 4. a3 Bxc3+ 5. bxc3 dxe4 6. Qg4 Nf6 7. Qxg7 Rg8 8.
Qh6 Nbd7 9. Bg5 Rg6 10. Qh4 c5 11. dxc5 Qa5 12. Ne2 Kf8 13. Bh6+ Kg8 14. c6
bxc6 15. Bd2 e5 16. Ng3 Nc5 17. Be2 Rb8 18. O-O Bg4 19. Bxg4 Nxg4 20. Nf5 Re8
21. Ne7+ Rxe7 22. Qxe7 Re6 23. Qh4 Rg6 24. Rfb1 Qc7 25. Ra2 Qd6 26. Bg5 f6 27.
Qxg4 Rxg5 28. Qe2 Qe6 29. Rab2 Kh8 30. Rb4 Qh3 31. Qf1 Qd7 32. Qc4 Qe7 33. Rb8+
Kg7 34. Qg8+ Kh6 35. Qc8 Qd6 36. Qf8+ Qxf8 37. Rxf8 Rg6 38. Rf7 Ne6 39. Rbb7
Ng5 40. Rfc7 f5 41. Rxa7 Nf3+ 42. Kh1 Ne1 43. Rxh7+ Kg5 44. Rag7 Rxg7 45. Rxg7+
Kf4 46. h4 Nxc2 47. h5 e3 48. fxe3+ Kxe3 49. h6 Nxa3 50. h7 Nc4 51. h8=Q f4 52.
Rd7 f3 53. Qh5 e4 54. Qc5+ Ke2 55. Qxc4+ Ke3 56. Qc5+ 56... Ke2 {Hossa resigns}
1-0

[Event "ICS rated blitz match"]
[Site "204.178.125.65"]
[Date "1999.10.09"]
[Round "?"]
[White "MissSilicon"]
[Black "Hossa"]
[Result "1-0"]
[WhiteElo "2723"]
[BlackElo "2500"]
[Annotator "Steffen A. Jakob"]
[PlyCount "130"]
[EventDate "1999.??.??"]

1. e4 e5 2. f4 exf4 3. Nf3 Ne7 4. d4 d5 5. Qe2 $146 ({RR} 5. Nc3 5... dxe4 6.
Nxe4 Nd5 7. Bc4 Be7 8. Qe2 ({RR} 8. O-O 8... O-O 9. Ne5 Be6 10. Qh5 Nf6 11.
Nxf6+ Bxf6 12. Rxf4 Bxc4 13. Nxc4 Bxd4+ 14. Be3 Bxe3+ 15. Nxe3 Qd6 16. Rh4 Qg6
17. Qxg6 fxg6 18. Nd5 Rf7 19. Re1 Nc6 20. b4 Rd8 21. c4 h6 22. Rhe4 22... Kh7 {
Riemersma,L-Sokolov,I/NLD-ch 1995/TUR 95/0-1 (33)}) 8... O-O 9. Bxd5 Qxd5 10.
Bxf4 Bg4 11. O-O-O Nc6 12. Nc3 Qf5 13. Bxc7 Rac8 14. Bg3 Rfd8 15. Rhf1 Bf6 16.
h3 Bh5 17. Bh2 Qa5 18. g4 Bg6 19. Be5 Nb4 20. Bxf6 gxf6 21. Ne1 Rxc3 22. bxc3
Nxa2+ 23. Kb2 Nxc3 24. Qf3 Qb4+ 25. Kc1 25... Na2# {
0-1 Reinderman,D-Rausis,I/Cappelle op 1993/TD 93\04 (25)}) ({RR} 5. e5 5... Ng6
6. Bd3 Be7 7. O-O Nc6 ({RR} 7... O-O 8. Nc3 c5 9. Ne2 Nc6 10. c3 cxd4 11. cxd4
Bg4 12. h3 Bxf3 13. Rxf3 Rc8 14. Kh1 14... Bg5 {
1/2-1/2 Metz,H-Podgaets,M/Dortmund op-A 1993/TD 93\06 (14)}) 8. Nc3 Nb4 9. Bxg6
hxg6 10. a3 Nc6 11. Bxf4 g5 12. Be3 g4 13. Ne1 Bg5 14. Qd2 Bxe3+ 15. Qxe3 Qh4
16. Qf4 Be6 17. Ne2 O-O-O 18. Nd3 Rh7 19. c3 19... Rdh8 {
Zeller,F-Beikert,G/Bodensee Cup 1996/EXP 53/1-0 (60)}) 5... dxe4 6. Qxe4 Nbc6
7. c3 f5 8. Qxf4 Nd5 9. Qg5 Qe7+ 10. Qxe7+ Bxe7 11. Bb5 O-O 12. O-O Na5 13. Re1
a6 14. Bd3 b5 15. Re5 c6 16. Re2 Bf6 17. Bd2 Rd8 18. Na3 f4 19. Be4 Bg4 20.
Bxd5+ cxd5 21. Bxf4 b4 22. Nc2 bxc3 23. bxc3 Rac8 24. Rc1 Bxf3 25. gxf3 Rxc3
26. Bd2 Rxc2 27. Rxc2 Bxd4+ 28. Kg2 Nc4 29. Re6 a5 30. Bg5 Kf7 31. Rce2 Rb8 32.
Kg3 Rb2 33. Rxb2 Kxe6 34. Rb7 Kf5 35. f4 Bb2 36. Bd8 a4 37. Ra7 a3 38. h4 Bd4
39. Rd7 Ke6 40. Re7+ Kd6 41. Rb7 Nd2 42. h5 h6 43. Kg4 Kc6 44. Rc7+ Kd6 45. Rf7
Ke6 46. Re7+ Kd6 47. f5 Nc4 48. Kf3 Kc5 49. Re6 Kb4 50. f6 gxf6 51. Bxf6 Bxf6
52. Rxf6 Kc3 53. Rxh6 Kc2 54. Rc6 Kb1 55. Kf4 Na5 56. Rb6+ Kxa2 57. h6 Nc4 58.
Rg6 d4 59. h7 Ne3 60. h8=Q Nd5+ 61. Ke4 Nc3+ 62. Kd3 Kb3 63. Qb8+ Ka2 64. Rg2+
Ka1 65. Rg1+ 65... Ka2 {Hossa resigns} 1-0